1650 1913 1123 1507 1268 1474 1043 1806 1457 1169 1275 1108 1986 1045 1290 1930 1903 1522 1484 1788 1167 1172 1515 1625 1354 1590 1515 1404 1420 1379 1655 1650 1150 1584 1201 1387 1634 1580 1538 1121 2000 1522 1409 1015 1376 1539 1704 1589 1362 1488 1545 1933 1436 1327 1718 1866 1159 1232 1314 1398 1643 1721 1127 1200 1482 1053 1564 1205 1498 1974 1982 1934 1227 1710 1413 1232 1045 1402 1263 1662 1290 1773 1700 1854 1511 1415 1667 1633 1515 1437 1451 1984 1624 1668 1988 1633 1043 1131 1384 BCNSPRNW ULIB Ver.6.0+V

เปลี่ยนเป็นภาษาไทย

Change to English
 แสดงรายละเอียดบรรณานุกรม
  กลับหน้าหลัก

Brief Record : Get Marc (ISO 2709) : E-mail record : QR code < ปิดหน้าต่าง
LEADER : 00000nam 2200000uu 4500
001    13399124772
003     ULIB
008    020711s2015 th a 000 0 eng d
020    9781455751488
060    QV4^bK26P
100    Joyce LeFever Kee
245    Pharmacology:^bA patient-centered nursing process approach. /^cJoyce LeFever Kee, Evelyn R. Hayes, Linda E. McCuistion
250    8thth ed
260    St.Louis :^bElsevier Saunders,^c2015
300    971 pages;^b28 cm
650    Pharmacology
700    Evelyn R. Hayes
700    Linda E. McCuistion
945    ^p0^l0^i23283
รายการนี้ยังไม่มีแท็ก
คุณยังไม่ได้ล็อกอิน คุณสามารถมีกิจกรรมร่วมกับเว็บไซต์ได้ แต่ต้องล็อกอินก่อน ::
  ล็อกอิน

รายการสื่อสารสนเทศ

ลำดับที่ ประเภท เลขเรียก/บาร์โค้ด สถานที่ สถานะ
1. วิทยาศาสตร์การแพทย์ และสุขภาพ
วิทยาศาสตร์การแพทย์ และสุขภาพ
QV4 K26P ฉ.1 
  Barcode: 23283
ห้องสมุดวิทยาเขตนครสวรรค์
►หนังสือทั่วไป:l:General Books
บนชั้น

รายการใกล้เคียง
    หัวเรื่อง [Pharmacology]

BibComment


ยังไม่เคยถูกคอมเมนท์

คอมเมนท์ทรัพยากรรายการนี้
  คอมเมนท์: Pharmacology A pa..


 Copyright 2026. Bcnsprnw @Library